|
|
|
|
| LEADER |
00000cam a2200000 7i4500 |
| 001 |
0000024608 |
| 005 |
20130115.0 |
| 008 |
130115 my v may |
| 040 |
|
|
|a INS
|
| 090 |
0 |
0 |
|a VCD 2117
|
| 100 |
0 |
|
|a Mohd Fadzilah Kamsah
|
| 245 |
0 |
0 |
|a Kursus melestari keseronokan bekerja & pengurusan stress (Bah 1)
|c oleh Dato' Dr. Hj. Mohd Fadzilah Kamsah [
|h cakera video] :
|b 22 Oktober 2012
|
| 260 |
|
|
|a Kajang :
|b Institut Penilaian Negara ,
|c 2012
|
| 300 |
|
|
|a 1 cakera video (1jam 51 min) :
|b wrn. bny. ;
|c 4 3/4 in.
|
| 500 |
|
|
|a Siri pengurusan dan professional
|
| 710 |
1 |
|
|a Institut Penilaian Negara
|
| 999 |
|
|
|a VCD0002117
|b VIDEO CD
|c Media Collection
|e Default branch
|